| 000 | 00934cam a2200253 i 4500 | ||
|---|---|---|---|
| 003 | SA-RiAUC | ||
| 005 | 20250902082927.0 | ||
| 008 | 250830s1979 le g 00000dara c | ||
| 040 |
_aSA-RiAUC _bara _cSA-RiAUC _erda |
||
| 082 | 0 | 4 | _a922.117 |
| 090 |
_a922.117 _bر ح ل |
||
| 245 | 1 | 0 |
_aرحلات الإمام محمد رشيد رضا / _cجمعها وحققها يوسف أيبش. |
| 250 | _aالطبعة الثانية. | ||
| 264 | 1 |
_aبيروت : _bالمؤسسة العربية للدراسات والنشر، _c1979 |
|
| 300 |
_a395 صفحة ؛ _c24 سم |
||
| 336 |
_aنص _btxt _2rdacontent _3كتاب |
||
| 337 |
_aبدون وسيط _bn _2rdamedia |
||
| 338 |
_aمجلد _bnc _2rdacarrier |
||
| 600 | 0 | 7 |
_aمحمد رشيد رضا، _d1865-1935 _2aucnm |
| 650 | 2 | 7 |
_aالرحلات _2aucsh |
| 700 | 1 |
_aإيبش، يوسف، _d1926-2003 _eجامع. |
|
| 942 |
_2ddc _cBOOK _n0 |
||
| 949 |
_aSA-JeALM _d250830 _umohamedma123 _n1 |
||
| 999 |
_c11373 _d11373 |
||